| 000 | 00565nam a2200181Ia 4500 | ||
|---|---|---|---|
| 008 | 090122s9999 xx 000 0 und d | ||
| 082 | _b12180 | ||
| 100 |
_aमिरासदार _bद _cमा |
||
| 245 | _aबेंडबाजा | ||
| 260 |
_bरसिक _c2007 |
||
| 300 | _a160 | ||
| 501 | _aज्ञानदा ग्रंथ वितरण / बि. नं. 877-4.10.07 | ||
| 600 | _aमिरासदार | ||
| 630 | _aबेंडबाजा | ||
| 700 | _aमिरासदार | ||
| 730 | _aबेंडबाजा | ||
| 942 | _cBOOK | ||
| 999 |
_c36257 _d36257 |
||